'The Little Prince' in 60 languages Quiz Stats

 Plays Quiz Updated Mar 3, 2020

Support Sporcle.
Go Orange.
Score 0/60 Timer 08:00
0 Plays Today
% Correct
French
97.3%
German
96.5%
English
93.4%
Chinese
93.4%
Spanish
93.1%
Russian
92.4%
Arabic
91.8%
Italian
91.5%
Japanese
91.3%
Dutch
87.3%
Greek
87%
Swedish
85.7%
Korean
84.7%
Portuguese
84.6%
Norwegian
82%
Danish
81%
Finnish
80.3%
Polish
78.6%
Hindi
77.5%
Turkish
77.3%
Thai
75.4%
Czech, Slovak
73%
Hebrew
72.9%
Croatian, Serbian,
Bosnian, Slovene
71.5%
Hungarian
70.1%
Vietnamese
70%
Romanian
68.9%
Latin
66.8%
Indonesian, Javanese, Malay
65.3%
Persian
62%
% Correct
Latvian
61.8%
Estonian
61.7%
Icelandic
60.8%
Irish
60.6%
Lithuanian
60.2%
Swahili
59.9%
Bulgarian
59%
Urdu
56.7%
Hieroglyphs
55.2%
Serbian
51.2%
Albanian
50.8%
Hawaiian
49%
Afrikaans
48%
Laotian
46.3%
Welsh
42.4%
Bengali
40.3%
Georgian
40.2%
Tamil
36.6%
Esperanto
33.8%
Burmese
33%
Nepali
32.4%
Maltese
29.9%
Zulu
28.6%
Khmer
28.5%
Basque
27.7%
Uzbek
26.9%
Luxembourgish
26.7%
Kyrgyz
26%
Sinhalese
13.4%
Malagasy
10.3%

From the Vault

Artist by Popular Spotify Songs V

by MSUKent

Music 5m
Popular songs only. None of those really deep cuts and b-sides.
Remove Ads.
Support Sporcle.
Get the best of Sporcle when you Go Orange. This ad-free experience offers more features, more stats, and more fun while also helping to support Sporcle. Thank you for becoming a member.

Show Comments

Extras

Top Quizzes Today


Score Distribution

Your Account Isn't Verified!

In order to create a playlist on Sporcle, you need to verify the email address you used during registration. Go to your Sporcle Settings to finish the process.

Report this User

Report this user for behavior that violates our Community Guidelines.

Details: